000 00538nam a2200193Ia 4500
005 20250507130345.0
008 008 250505s9999 xx 000 0 chi d
037 _aAnnuals, Advances
040 _aEASL
_beng
_cEASL
041 _achi
_2eng
084 _an2,P05, 41P5;1
_qEASL
100 _aJin Ri Yindu
245 0 _aJin Ri Yindu
260 _aChina
_bBeijing Embassy of India China
_c2005
300 _avarious
650 _aCL
_9642733
942 _cTEXL
_hn2,P05, 41P5;1
999 _c1319205
_d1319205